Managing people at work: Desk Guide (Record no. 1910)

MARC details
000 -LEADER
fixed length control field 00352nam a22001337a 4500
008 - FIXED-LENGTH DATA ELEMENTS--GENERAL INFORMATION
fixed length control field 250205b |||||||| |||| 00| 0 eng d
020 ## - INTERNATIONAL STANDARD BOOK NUMBER
ISBN 0880570296
100 ## - MAIN ENTRY--AUTHOR
Author QUICK L.Thomas
245 ## - TITLE STATEMENT
Title Managing people at work: Desk Guide
260 ## - PUBLICATION, DISTRIBUTION, ETC. (IMPRINT)
Place of publication New York
Name of publisher Executive Interprises Publication
Date of publication 1983
300 ## - COLLATION
Pagination 423p.
942 ## - ADDED ENTRY ELEMENTS (KOHA)
Item type Books
050 ## - LIBRARY OF CONGRESS CALL NUMBER
Classification number HD9002
Item number .Q85
Holdings
Source of classification or shelving scheme Not for loan Permanent location Current location Date acquired Accession No. Full call number Barcode. Koha item type
Library of Congress Classification   Samuel Ogbemudia Main Library, University of Abuja Samuel Ogbemudia Main Library, University of Abuja 02/05/2025 2008/37683 HD9000.Q85 2025-0044 Books